000 00471cam a2200193ua 4500
001 3262
005 20260515113644.0
008 111013n ii |||gr||||Z||||||asm
040 _cMAIN
082 _a891.4513
100 1 _aBaruah, Dhiren,
245 1 1 _aSonar kharu nalage moke
_cby Dhiren Baruah
250 _a1st.
260 _aDibrugarh:
_bBani Mandir,993.
300 _a254p:
_c23cm.
653 _aAssamese novel
653 _aSonar kharu nalage moke
942 _cBK
999 _c3105
_d3105